Statistics for San Antonio Spurs 2010's Starters

Click here to take the quiz!

General Stats

  • This quiz has been taken 845 times
    (739 since last reset)
  • The average score is 10 of 18

Answer Stats

PlayerStarts% Correct
Tim Duncan7
99%
Tony Parker8
99%
Kawhi Leonard6
96%
Manu Ginóbili1
93%
LaMarcus Aldridge4
82%
DeMar DeRozan1
81%
Danny Green7
80%
Dejounte Murray1
75%
Tiago Splitter3
61%
Derrick White1
49%
Pau Gasol2
43%
Rudy Gay1
34%
Bryn Forbes1
22%
Kyle Anderson1
17%
Richard Jefferson2
13%
DeJuan Blair2
11%
Antonio McDyess1
8%
Keith Bogans1
2%

Score Distribution

Percentile by Number Answered

Percent of People with Each Score

Your Score History

You have not taken this quiz since the last reset